| 000 | 00714nam a2200205 4500 | ||
|---|---|---|---|
| 001 | 113732 | ||
| 003 | ES-MaACL | ||
| 005 | 20250804072414.0 | ||
| 007 | t| | ||
| 008 | 061121s1984 sp r ||||1| spa d | ||
| 100 | 1 |
_aPacheco, José Emilio. _988124 |
|
| 245 | 1 | 0 |
_aAlta traición _b: Antología poética / _cJosé Emilio Pacheco ; selección y prólogo de J.María Guelbenzu. |
| 260 |
_aMadrid : _bAlianza, _c1984. |
||
| 300 |
_a116 p. ; _c18 cm. |
||
| 490 | 1 |
_aEl libro de bolsillo. Sección: literatura ; _v1065 |
|
| 700 | 1 |
_aGuelbenzu, José María. _960412 |
|
| 830 | 0 | 3 |
_aEl libro de bolsillo. _pLiteratura _v1065 _9180913 |
| 852 |
_aES-MaACL _jL-7174 _bR.107867 |
||
| 999 |
_c113732 _d113732 |
||